| 000 | 00605nam a2200217 a 4500 | ||
|---|---|---|---|
| 008 | |||
| 020 | _a0717118177 (pbk.) | ||
| 049 | _aMAIN | ||
| 090 |
_aHF5635 _bCLA |
||
| 100 | 1 | _aClarke, Peter J. | |
| 245 | 1 | 0 |
_aFinancial accounting: _ban Irish text / _cPeter J. Clarke. |
| 260 |
_aDublin : _bGill and Macmillan, _c1990. |
||
| 300 |
_aii, 422 p. : _bill. ; _c24 cm. |
||
| 500 | _aIncludes index. | ||
| 650 | 0 | _aAccounting. | |
| 907 |
_a.b10154735 _b14-04-15 _c25-02-05 |
||
| 003 | |||
| 005 | 20230123133932.0 | ||
| 040 | _cNUST | ||
| 942 |
_cBOOKS _kHF5635 _mCLA |
||
| 999 |
_c157176 _d157176 |
||